On This Day: July 20th Quiz Stats

 Plays Quiz Updated Jul 20, 2017

Support Sporcle.
Go Orange.
Score 0/7 Timer 03:00
1 Play Today
Question Answer Wrong Answers
Apollo 11's crew successfully makes the first manned landing on the Moon in the Sea of ______. Americans Neil Armstrong and Buzz Aldrin became the first humans to walk on the Moon.
1969
Tranquility
85.3%
Peace
2%
Hope
4.7%
Craters
4.1%
The Central Intelligence Agency releases documents under the Freedom of ______ Act revealing it had engaged in mind-control experiments.
1977
Information
81.9%
Intelligence
5.7%
Knowledge
2.6%
Speech
5.4%
The United States and this nation resume full diplomatic relations after over five decades.
2015
Cuba
78%
Iran
3.7%
Vietnam
6.7%
Russia
7.1%
The first of these international sporting competitions is held in Soldier Field in Chicago, with about 1,000 athletes with intellectual disabilities participating.
1968
Special Olympics Summer Games
67.9%
Paralympic Summer Games
22.5%
Goodwill Games
4.3%
World Adaptive Sports Competition
1.9%
This colony joins the confederation of Canada. Today, it is Canada’s westernmost province.
1871
British Columbia
66.9%
Yukon
21.1%
Nunavut
5.3%
Alberta
6.6%
This American singer-songwriter and guitarist, best known as the lead vocalist for the rock bands Soundgarden and Audioslave, is born.
1964
Chris Cornell
59.5%
Eddie Vedder
20.5%
Tom Morello
8.1%
Mike McCready
9.1%
The Montreux Convention is signed in Switzerland, authorizing Turkey to fortify the ______ and Bosporus Straits, but guaranteeing free passage to ships of all nations in peacetime.
1936
Dardanelles
52.7%
Strait of Gibraltar
18.3%
Suez Canal
17.4%
Strait of Otranto
9.9%

You're not logged in!

Compare scores with friends on all Sporcle quizzes.
OR
Log In

From the Vault

Classic Actors

by Derek

This is basically of list of George Clooney, Brad Pitt, and Meryl Streep, just from about 50 years ago or so.
Remove Ads.
Support Sporcle.
Get the best of Sporcle when you Go Orange. This ad-free experience offers more features, more stats, and more fun while also helping to support Sporcle. Thank you for becoming a member.

Show Comments

Extras

Top Quizzes Today


Score Distribution

Your Account Isn't Verified!

In order to create a playlist on Sporcle, you need to verify the email address you used during registration. Go to your Sporcle Settings to finish the process.

Report this User

Report this user for behavior that violates our Community Guidelines.

Details: